000
00262nam a22001217a 4500
041
_a
ENG
100
_a
Taiganides .E.P
245
_a
Animal Wastes
260
_a
Landon
_b
Applied Science Pub
_c
1977
300
_a
429
650
_a
APE ( 02 )
856
_u
APE ( 02 )
999
_c
2854
_d
2854